Academiae Georgiae Augustae prorector cum senatu sacra pentecostalia anni MDCCCXXXVII pie concelebranda indicunt. Conjectaneorum exegeticorum ..
| Subtitles: | Coniectanea exegetica |
|---|---|
| Main Author: | |
| Contributors: | |
| Format: | Print Book |
| Language: | Latin Ancient Greek |
| Subito Delivery Service: | Order now. |
| Check availability: | HBZ Gateway |
| WorldCat: | WorldCat |
| Interlibrary Loan: | Interlibrary Loan for the Fachinformationsdienste (Specialized Information Services in Germany) |
| Published: |
Gottingae
Dieterich
1837
|
| In: |
Conjectaneorum exegeticorum Particula ... (Pt. 1)
Year: 1837 |
| Series/Journal: | Lücke, Friedrich 1791-1855, Conjectaneorum exegeticorum Particula ...
Pt. 1 |
| Further subjects: | B
Thesis
|
| Sammlungen: |
MARC
| LEADER | 00000cam a2200000 cb4500 | ||
|---|---|---|---|
| 001 | 306103494 | ||
| 003 | DE-627 | ||
| 005 | 20230808142929.0 | ||
| 007 | tu | ||
| 008 | 991126s1837 xx ||||| m 00| ||lat c | ||
| 035 | |a (DE-627)306103494 | ||
| 035 | |a (DE-576)9306103492 | ||
| 035 | |a (DE-599)GBV306103494 | ||
| 035 | |a (OCoLC)247801398 | ||
| 040 | |a DE-627 |b ger |c DE-627 |e rakwb | ||
| 041 | |a lat |a grc | ||
| 044 | |c XA-DXDE | ||
| 084 | |a 24 |2 ssgn | ||
| 100 | 1 | |0 (DE-588)118575031 |0 (DE-627)134658884 |0 (DE-576)209018909 |4 aut |a Lücke, Friedrich |d 1791-1855 | |
| 109 | |a Luecke, Gottfried Christian Friedrich 1791-1855 |a Lückius, Fridericus 1791-1855 |a Lücke, F. 1791-1855 |a Lücke, Gottlieb Friedrich Christian 1791-1855 |a Lücke, Gottlieb Christian Friedrich 1791-1855 |a Lücke, Gottfried Christian Friedrich 1791-1855 |a Lückius, Godofredus Christianus Fridericus 1791-1855 |a Lücke 1791-1855 |a Luecke, Fridericus 1791-1855 |a Lücke, Fr. 1791-1855 |a Lücke, Fridericus 1791-1855 |a Lücke, Godofredus Christianus Fridericus 1791-1855 |a Lücke, Friedrich 1791-1855 |a Luecke, Fr. Godofr. Chr. 1791-1855 |a Lucke 1791-1855 | ||
| 245 | 1 | 0 | |a Academiae Georgiae Augustae prorector cum senatu sacra pentecostalia anni MDCCCXXXVII pie concelebranda indicunt. Conjectaneorum exegeticorum .. |
| 246 | 3 | 0 | |a Coniectaneorum |
| 246 | 3 | 3 | |a Coniectanea exegetica |
| 264 | 1 | |a Gottingae |b Dieterich |c 1837 | |
| 300 | |a 21 S |c 4° | ||
| 336 | |a Text |b txt |2 rdacontent | ||
| 337 | |a ohne Hilfsmittel zu benutzen |b n |2 rdamedia | ||
| 338 | |a Band |b nc |2 rdacarrier | ||
| 490 | 1 | |a Conjectaneorum exegeticorum Particula ... / Scripsit Fridericus Lückius |v Pt. 1 | |
| 500 | |a Göttingen, Univ., Pfingstprogr.., 1837 | ||
| 500 | |a Vorlageform der Veröffentlichungsangabe: Gottingae, Typis Dieterichianis | ||
| 655 | 7 | |a Hochschulschrift |0 (DE-588)4113937-9 |0 (DE-627)105825778 |0 (DE-576)209480580 |2 gnd-content | |
| 700 | 1 | |0 (DE-588)137258836 |0 (DE-627)694985759 |0 (DE-576)302838244 |4 prt |a Dieterich, Hermann |d 1797-1847 | |
| 800 | 1 | |a Lücke, Friedrich |d 1791-1855 |t Conjectaneorum exegeticorum Particula ... |v Pt. 1 |9 1.1837 |w (DE-627)306103443 |w (DE-576)9306103441 |7 am | |
| 935 | |a FRST |a mteo | ||
| 951 | |a MV | ||
| ELC | |b 1 | ||
| LOK | |0 000 xxxxxcx a22 zn 4500 | ||
| LOK | |0 001 4363908254 | ||
| LOK | |0 003 DE-627 | ||
| LOK | |0 004 306103494 | ||
| LOK | |0 005 20240919080948 | ||
| LOK | |0 008 230808||||||||||||||||ger||||||| | ||
| LOK | |0 040 |a DE-Tue135 |c DE-627 |d DE-Tue135 | ||
| LOK | |0 092 |o n | ||
| LOK | |0 852 |a DE-Tue135 | ||
| LOK | |0 852 1 |9 00 | ||
| LOK | |0 866 |x SPQUE#Bibliothek der Franckeschen Stiftungen#SPSAM#Tholuck-Bibliothek#SPSYS#thol_systematik_XXI | ||
| LOK | |0 935 |a FRST |a thol | ||
| LOK | |0 939 |a 08-08-23 |b l01 | ||
| ORI | |a SA-MARC-ixtheoa001.raw | ||